| 000 | 01875nam0a2200373 4500 | ||
|---|---|---|---|
| 001 | RU\NLR\BIBL_A\022644682 | ||
| 005 | 20251120113947.0 | ||
| 010 |
_a978-5-48500-778-2 _91000 |
||
| 021 |
_aRU _bКН-П-25-052467 _9КН-П-25-5065 |
||
| 035 | _a(NLR Aleph) 022644682 | ||
| 090 |
_a13466106 _c13466106 |
||
| 100 | _a20251016d2025 u y0rusy50 ca | ||
| 101 | 0 | _arus | |
| 102 | _aRU | ||
| 105 | _aachbz 000yd | ||
| 181 | 0 |
_ai3 _baxxe |
|
| 181 | 0 |
_ab2 _bbb2e |
|
| 182 | 0 | _an | |
| 200 | 1 |
_aБарышня из Симбирска _eиз воспоминаний детства и юности _eхудожественно-документальная повесть _fМ. А. Рунне _gтекст подготовили Т. А. Макеева, С. Л. Макеев _gстаринные предметы и архивные материалы из собрания Т. А. Макеевой _gфотографии Никиты Макеева |
|
| 203 |
_aТекст _aИзображение _bвизуальные _cнепосредственные |
||
| 210 |
_aМосква _cДаръ _d2025 |
||
| 215 |
_a109, [2] с. _cил., цв. ил., портр., факс., карт. _d25 |
||
| 600 | 1 |
_aРунне-Федоренко _bМ.А. _f1877 - 1970 _gМария Александровна _92339725 _3RU\NLR\AUTH\6601622205 |
|
| 686 | 0 | _aШ9(2)62=Р7-4 | |
| 686 | 1 | _aР.г(2)7д Рунне-Федоренко | |
| 686 | 2 | _aШ6(2=Р)8-448 | |
| 700 | 1 |
_aРунне-Федоренко _bМ. А. _f1877-1970 _gМария Александровна _9178424 _3RU\NLR\AUTH\770178475 |
|
| 702 | 1 |
_4220 _7ca _8rus _aМакеева _bТ. А. _cколлекционер _gТатьяна Андреевна _9202347 _3RU\NLR\AUTH\770202398 |
|
| 942 | _cBOOK | ||
| 980 | _aNB | ||